00494nam a2200181Ia 450000500170000000800410001708200130005824500350007126000240010630000120013065000100014265000090015265000170016170000160017894200060019495200970020099900150029720250624022951.0240331s9999 xx 000 0 und d bKANa331 0aKanthawa sramaya saha surakema aColombobWercc1983 a28 p ., aWomen awork aExploitation aWERC. eedt cL 001040708LaWERCLbWERCLcSSCd2024-03-31l0o 331.4 KANp3032r2024-03-31w2024-03-31yL c5333d5333